000 01464nam a2200301Ia 4500
001 C5728
003 IT-RoPAU
008 130308s9999 xx 000 0 und d
040 _aIT-RoPAU
040 _cIT-RoPAU
041 _aFRANCESE
100 _aAA.VV.
100 _gCodice Aut. SPICS: 12000
245 _aDictionnaire encyclopedique de l'education et de la formation
245 _bDictionnaire Encyclopedique de L'Education et de la Formation
250 _a1a ed.
260 _aPARIS
260 _bNathan
260 _c1994 [1° Ed.:1994 - Ed.Ling.Originale:1994]
300 _a"1102 p. (prefazione: no ; testo: 1102 [pagine: 0-0])"
500 _aDizionario Enciclopedico dell'Educazione e della Formazione. contributi Diautori vari sotto la Direzione di Philippe Champy e Christiane Eteve'. piano di classificazione degli Articoli Secondo Raggruppamenti Tematici: Sistema di Educazione, Sistema di Formazione, Personale dell'Educazione e Formazione. Organismi nazionali e Internazionali, Scienze Umane e Sociali Applicate all'educazione e Alla Formazione, Personalità, Aspetti Filosofici e Pedagogici, Aspetti Psicologici, Aspetti sociologici e Psicosociologici, insegnamento e Didattica delle Discipline Scolastiche, risorse per L'Educazione e la Formazione. 450 Articoli di Circa 190 Specialisti.
650 _aSAGGI DI PEDAGOGIA
650 _eCodice materia Spics: 3557
942 _cBK
957 _71
999 _c66532
_d66532
999 _bSI
999 _g1